00609nmm a2200193Ia 4500008004100000020001800041041000800059100003100067245006100098264005200159300001800211490002600229650002200255700003100277700003200308856005100340942000700391999001700398251105s9999||||xx |||||||||||||||||und|| a9788493635435 aspa aMartín Escribà, Àlex 0aLa lista negra : Nuevos culpables del policial español a[Madrid, España] :bSalto de página, c2013 a320 páginas aColección púrpura aSpanish narrative aMartín Escribà, Àlex1 a Sánchez Zapatero, Javier uhttps://public.digitaliapublishing.com/a/37503 cCF c68392d68392